000 00253nam a22001097a 4500
008 170113b xxu||||| |||| 00| 0 eng d
020 _a0801647606
041 _aeng
080 _a618.2
245 _aCOMMUNITY HEALTH NURSING
_cSTANHOPE, M
942 _2udc
_cBK
999 _c2843
_d2843